Vista normal Vista MARC

Entrada Topical Term

Número de registros utilizados en: 1

001 - CONTROL NUMBER

  • control field: 8977

003 - CONTROL NUMBER IDENTIFIER

  • control field: OSt

005 - DATE AND TIME OF LATEST TRANSACTION

  • control field: 20200819183537.0

008 - FIXED-LENGTH DATA ELEMENTS

  • fixed length control field: 200819|| aca||aabn | a|a d

040 ## - CATALOGING SOURCE

  • Original cataloging agency: OSt
  • Transcribing agency: OSt

150 ## - HEADING--TOPICAL TERM

  • Topical term or geographic name entry element: Situación de salud
  • Geographic subdivision: Choco

670 ## - SOURCE DATA FOUND

  • Source citation: Work cat.: (OSt)6060: Fundación para la investigación y desarrollo de la salud 8975, El sistema de Seguridad Social en Salud en la Región Pacifica colombiana. La Problemática de la Población Dispersa /, 2005.